ARRUPE JESUIT UNIVERSITY

CORONAVIRUS -STOP THE SPREAD - CLEAN,DISINFECT,COVER
Normal view MARC view

Entry Geographic Name

Number of records used in: 1

001 - CONTROL NUMBER

  • control field: 43982

003 - CONTROL NUMBER IDENTIFIER

  • control field: ARRUPE

005 - DATE AND TIME OF LATEST TRANSACTION

  • control field: 20190111101218.0

008 - FIXED-LENGTH DATA ELEMENTS

  • fixed length control field: 190111|| aca||aabn | a|a d

040 ## - CATALOGING SOURCE

  • Original cataloging agency: ARRUPE
  • Transcribing agency: ARRUPE

151 ## - HEADING--GEOGRAPHIC NAME

  • Geographic name: Great Britain
  • General subdivision: History
  • Chronological subdivision: Roman period

670 ## - SOURCE DATA FOUND

  • Source citation: Work cat.: (ARRUPE)43306: Blair, Peter Hunter 43978, Roman Britain and Early England 55 B.C - A.D. 871, 1963

 

Arrupe Library. PO Box MP320 Mt Pleasant, Harare, Zimbabwe
263 242 745411|librarian@aju.ac.zw